[Event "15. OIBM Bad Wiessee"]
[Site "Bad Wiessee"]
[Date "2011.11.04"]
[Round "8.49"]
[White "Römhild, Marcus"]
[Black "Kempter, Ronald"]
[Result "0-1"]
[WhiteElo "2115"]
[BlackElo "2248"]
[PlyCount "68"]
[EventDate "2011.??.??"]
[WhiteTeam "LSV Turm Lippstadt"]
[BlackTeam "SK Krumbach"]

1. c4 Nf6 2. g3 c5 3. Bg2 g6 4. Nc3 Bg7 5. e4 Nc6 6. Nge2 d6 7. O-O O-O 8. d3
a6 9. h3 Rb8 10. a4 Nd7 11. Be3 Nd4 12. Rb1 Nxe2+ 13. Qxe2 Ne5 14. f4 Nc6 15.
Kh1 e6 16. Qf2 Bd7 17. Rbd1 b6 18. Ne2 Bxb2 19. f5 exf5 20. exf5 gxf5 21. Nf4
Bd4 22. Bxc6 Bxc6+ 23. Kh2 Bxe3 24. Qxe3 Re8 25. Qd2 Qg5 26. Rde1 Re5 27. d4
cxd4 28. Qxd4 Rbe8 29. Rd1 Re3 30. Rg1 Re2+ 31. Ng2 Qh5 32. Rdf1 Bxg2 33. Rxg2
R8e6 34. Qxb6 {Diagramm #} Qxh3+ $1 0-1

[Event "15. OIBM Bad Wiessee"]
[Site "Bad Wiessee"]
[Date "2011.11.04"]
[Round "8.50"]
[White "Bergauz, Avigdor"]
[Black "Ovsepyan, Arshak"]
[Result "1-0"]
[WhiteElo "2138"]
[BlackElo "1935"]
[PlyCount "69"]
[EventDate "2011.??.??"]
[WhiteTeam "Schachklub München Südost e.V."]
[BlackTeam "SK München Südost e.V."]

1. Nf3 Nf6 2. c4 e6 3. g3 d5 4. Bg2 d4 5. e3 c5 6. exd4 cxd4 7. O-O Nc6 8. d3
Bd6 9. Na3 a6 10. Nc2 e5 11. b4 O-O 12. Rb1 Bg4 13. h3 Bh5 14. a4 Rc8 15. b5
axb5 16. axb5 Nb8 17. g4 Bg6 18. Nh4 Ne4 19. Nxg6 Nc3 20. Qe1 hxg6 21. Rb2 b6
22. Bd2 Na4 23. Ra2 Nc5 24. Nb4 f5 25. Bd5+ Kh7 26. f4 fxg4 27. hxg4 Qe7 28.
Qg3 Ne6 29. Qh3+ Kg8 30. f5 Rf6 31. Bg5 gxf5 32. gxf5 e4 33. Bxe6+ Rxe6 34.
Bxe7 Rxe7 35. f6 1-0

[Event "15. OIBM Bad Wiessee"]
[Site "Bad Wiessee"]
[Date "2011.11.04"]
[Round "8.26"]
[White "Kostic, Vladimir"]
[Black "Lampert, Jonas"]
[Result "1/2-1/2"]
[WhiteElo "2433"]
[BlackElo "2188"]
[PlyCount "29"]
[EventDate "2011.??.??"]
[WhiteTeam "SK München Südost e.V."]
[BlackTeam "Hamburger SK von 1830 eV"]

1. e4 e5 2. Nf3 Nf6 3. d4 Nxe4 4. dxe5 Bc5 5. Be3 Bxe3 6. fxe3 d5 7. exd6 Qxd6
8. Qxd6 Nxd6 9. Nc3 Be6 10. Nd4 Bc4 11. Ne4 Nxe4 12. Bxc4 Nd6 13. Bd3 Nd7 14.
O-O Ne5 15. Nf3 1/2-1/2

[Event "15. OIBM Bad Wiessee"]
[Site "Bad Wiessee"]
[Date "2011.11.04"]
[Round "8.27"]
[White "Wengholm, Anders"]
[Black "Meister, Peter"]
[Result "0-1"]
[WhiteElo "2199"]
[BlackElo "2428"]
[PlyCount "82"]
[EventDate "2011.??.??"]
[WhiteTeam "Alingsus SS"]
[BlackTeam "FC Bayern München e.V."]

1. c4 g6 2. g3 Bg7 3. Bg2 e5 4. e4 Nc6 5. Ne2 d6 6. Nbc3 Be6 7. d3 Nge7 8. Nd5
h6 9. O-O O-O 10. Be3 f5 11. Qd2 Kh7 12. Rac1 Qd7 13. Nxe7 Qxe7 14. exf5 Bxf5
15. d4 Qd7 16. f4 exf4 17. Nxf4 Rae8 18. Kh1 g5 19. Nd5 Kh8 20. Rf2 Nd8 21.
Rcf1 c6 22. Nc3 Qe6 23. Nd1 Be4 24. Rxf8+ Rxf8 25. Rxf8+ Bxf8 26. Nc3 Bxg2+ 27.
Kxg2 Qxc4 28. d5 Bg7 29. dxc6 Qxc6+ 30. Kf2 a6 31. h4 g4 32. Nd5 Nf7 33. Bf4
Qc4 34. Ne3 Qxa2 35. Nxg4 h5 36. Ne3 Qxb2 37. Qxb2 Bxb2 38. g4 hxg4 39. Nxg4
Ne5 40. Bxe5+ dxe5 41. Ke2 Bd4 0-1

[Event "15. OIBM Bad Wiessee"]
[Site "Bad Wiessee"]
[Date "2011.11.04"]
[Round "8.28"]
[White "Zygouris, Hristos"]
[Black "Lund, Silas"]
[Result "0-1"]
[WhiteElo "2194"]
[BlackElo "2380"]
[PlyCount "64"]
[EventDate "2011.??.??"]
[WhiteTeam "ESKA"]
[BlackTeam "Lunds ASK"]

1. c4 e5 2. g3 d6 3. Nc3 f5 4. Bg2 Nf6 5. d3 Be7 6. e4 c6 7. Nge2 Na6 8. O-O
O-O 9. h3 fxe4 10. dxe4 Nc5 11. Be3 a5 12. Qc2 Be6 13. b3 Nfd7 14. Rad1 a4 15.
Rb1 axb3 16. axb3 Bf7 17. f4 exf4 18. gxf4 g5 19. Ng3 gxf4 20. Bxf4 Ne5 21. Bh6
Bg6 22. Bxf8 Bxf8 23. Qd2 Ra3 24. Rxf8+ Qxf8 25. Rf1 Qd8 26. b4 Ne6 27. Nf5
Nxc4 28. Qc1 Qg5 29. Nd5 cxd5 30. exd5 Bxf5 31. Qxc4 Bxh3 32. Qc8+ Nd8 0-1

[Event "15. OIBM Bad Wiessee"]
[Site "Bad Wiessee"]
[Date "2011.11.04"]
[Round "8.29"]
[White "Wegerer, Fred"]
[Black "Zude, Arno"]
[Result "0-1"]
[WhiteElo "2159"]
[BlackElo "2431"]
[PlyCount "132"]
[EventDate "2011.??.??"]
[WhiteTeam "ZM Technology Wolfsberg"]
[BlackTeam "SV 1920 Hofheim"]

1. Nf3 Nf6 2. d4 e6 3. e3 c5 4. Bd3 b6 5. O-O Bb7 6. Nbd2 cxd4 7. exd4 Be7 8.
c3 O-O 9. Qe2 d6 10. Ng5 Nbd7 11. f4 Qc7 12. Ndf3 h6 13. Nh4 e5 14. Nf5 Rae8
15. Nh3 exd4 16. cxd4 Bd8 17. Qd1 Qc6 18. Rf3 Kh8 19. Bd2 Ne4 20. Nf2 Ndf6 21.
Bb4 Qd7 22. Ng3 Nxg3 23. Rxg3 Nd5 24. Bd2 Bf6 25. Qh5 Bxd4 26. f5 Be3 27. Bxe3
Rxe3 28. Rxe3 Nxe3 29. f6 Qc6 30. fxg7+ Kxg7 31. Be4 d5 32. Ng4 f5 33. Nxe3
fxe4 34. Nf5+ Kh7 35. Re1 Qc5+ 36. Kh1 Qc6 37. h3 Qf6 38. Ne3 d4 39. Ng4 Qe6
40. Rc1 e3 {Diagramm #} 41. Rc7+ (41. Nxh6 $1 Rc8 (41... Bxg2+ 42. Kg1 $1 (42.
Kxg2 Rf2+ 43. Kg1 Qg6+ 44. Qxg6+ Kxg6 45. Rc6+ Kg5 46. Rd6)) 42. Nf5+ Kg8 43.
Qg5+ Kf8) 41... Kh8 42. Ne5 Be4 43. Nf7+ Rxf7 44. Rxf7 Bxg2+ 45. Kxg2 e2 46.
Rf1 Qe4+ 47. Rf3 e1=N+ 48. Kf2 Qxf3+ 49. Qxf3 Nxf3 50. Kxf3 Kg7 51. Ke4 Kg6 52.
Kxd4 Kg5 53. Ke4 Kh4 54. Kf4 Kxh3 55. Kf3 b5 56. a3 a5 57. b4 axb4 58. axb4 h5
59. Kf4 Kg2 60. Kg5 Kf3 61. Kxh5 Ke4 62. Kg4 Kd4 63. Kf3 Kc4 64. Ke2 Kxb4 65.
Kd2 Kb3 66. Kc1 Ka2 0-1

[Event "15. OIBM Bad Wiessee"]
[Site "Bad Wiessee"]
[Date "2011.11.04"]
[Round "8.32"]
[White "Kern, Guido"]
[Black "Kartsev, Soel"]
[Result "1-0"]
[WhiteElo "2355"]
[BlackElo "2183"]
[PlyCount "105"]
[EventDate "2011.??.??"]
[WhiteTeam "SV Dinslaken 1923 e.V."]
[BlackTeam "SV Castrop-Rauxel 1923"]

1. Nf3 Nc6 2. c4 e5 3. Nc3 g6 4. d4 exd4 5. Nxd4 Bg7 6. Nc2 d6 7. g3 Nge7 8.
Bg2 h5 9. h4 Be6 10. Ne3 Qd7 11. Qd2 O-O-O 12. Ned5 Kb8 13. b3 Ne5 14. Bb2 c6
15. Nf4 Bf5 16. e4 Bg4 17. Qe3 Qc7 18. f3 {Diagramm #} d5 $1 19. O-O-O Nxc4 (
19... Nxf3 $1 20. Bxf3 d4 $1 $19) 20. bxc4 d4 21. Qe1 dxc3 22. Rxd8+ Rxd8 23.
Bxc3 Bxc3 24. Qxc3 Bc8 25. Rd1 Rxd1+ 26. Kxd1 Qd6+ 27. Kc2 b6 28. c5 Qxc5 29.
Qxc5 bxc5 30. Nd3 Kc7 31. Nxc5 Kb6 32. Nb3 Be6 33. Kc3 c5 34. Bf1 Nc6 35. f4 a5
36. Bc4 a4 37. Nd2 Nd4 38. Kd3 Kc6 39. Bxe6 Nxe6 40. Nf3 f5 41. Ne5+ Kb5 42.
Nxg6 c4+ 43. Ke3 fxe4 44. Kxe4 Kb4 45. Ne5 c3 46. Kd3 c2 47. Kxc2 Nd4+ 48. Kd3
Nf5 49. Nc4 Nxg3 50. Ne3 Kc5 51. a3 Nh1 52. Ke2 Kd4 53. Kf3 1-0

[Event "15. OIBM Bad Wiessee"]
[Site "Bad Wiessee"]
[Date "2011.11.04"]
[Round "8.36"]
[White "Grandadam, Nicolas"]
[Black "Babar, Michael"]
[Result "0-1"]
[WhiteElo "2336"]
[BlackElo "2175"]
[PlyCount "94"]
[EventDate "2011.??.??"]
[WhiteTeam "SC Brombach e.V."]
[BlackTeam "SC Hansa Dortmund e.V."]

1. Nf3 Nf6 2. c4 e6 3. d4 Bb4+ 4. Bd2 Qe7 5. g3 b6 6. Bg2 Bb7 7. O-O Bxd2 8.
Qxd2 d6 9. d5 e5 10. Nc3 a5 11. Nh4 Bc8 12. f4 exf4 13. Rxf4 O-O 14. Raf1 Ng4
15. e4 Ne5 16. b3 Qd8 17. R4f2 Bg4 18. Nb5 Na6 19. Nd4 Nc5 20. h3 Bxh3 21. Bxh3
Nxe4 22. Qe3 Nxf2 23. Rxf2 a4 24. Nhf5 axb3 25. axb3 Ra1+ 26. Kg2 Re8 {
Diagramm #} 27. Qc3 (27. Nc6 $1 Nxc6 28. Qc3 $1 Qf6 29. Qxf6 gxf6 30. dxc6 $16)
27... Ra3 28. Qb2 Ra8 29. Qc2 Ra1 30. Qc3 Ra8 31. Qd2 Ra3 32. Qf4 Ra1 33. Bg4
Qf6 34. Nc6 Kh8 35. Nxe5 Rxe5 36. Kh2 Ree1 37. Bf3 g6 38. Qd4 Qe5 39. Qxe5+
dxe5 40. d6 cxd6 41. Nxd6 f5 42. g4 e4 43. gxf5 gxf5 44. Nxf5 exf3 45. Rxf3 Rf1
46. Rxf1 Rxf1 47. Ne7 Rb1 0-1

[Event "15. OIBM Bad Wiessee"]
[Site "Bad Wiessee"]
[Date "2011.11.04"]
[Round "8.37"]
[White "Lutz, Albert"]
[Black "Ortmann, David"]
[Result "0-1"]
[WhiteElo "2191"]
[BlackElo "2355"]
[PlyCount "62"]
[EventDate "2011.??.??"]
[WhiteTeam "SK Krumbach"]
[BlackTeam "SC Böblingen 1975 e.V."]

1. Nf3 d5 2. d4 Nf6 3. g3 c6 4. Bg2 Bg4 5. Ne5 Bh5 6. O-O e6 7. b3 Nbd7 8. Bb2
Be7 9. Nd2 O-O 10. h3 Nxe5 11. dxe5 Nd7 12. c4 Qb6 13. Nf3 Nc5 14. cxd5 cxd5
15. Rc1 a5 16. Ba3 Rfc8 17. Qd4 Qb5 18. Qe3 b6 19. Rc3 Bxf3 20. Bxf3 h6 21. h4
a4 22. bxa4 Rxa4 23. Bxc5 Bxc5 24. Qd2 Rca8 25. Rc2 Qa6 26. g4 Rxa2 27. g5 Qc4
28. Rfc1 Rxc2 29. Qxc2 Qxh4 30. gxh6 Bxf2+ 31. Kf1 Be3 0-1

[Event "15. OIBM Bad Wiessee"]
[Site "Bad Wiessee"]
[Date "2011.11.04"]
[Round "8.38"]
[White "Burchert, Wolfgang"]
[Black "Forchert, Martin"]
[Result "1/2-1/2"]
[WhiteElo "2167"]
[BlackElo "2420"]
[PlyCount "44"]
[EventDate "2011.??.??"]
[WhiteTeam "SC Hansa Dortmund e.V."]
[BlackTeam "Bielefelder SK von 1883"]

1. e4 Nf6 2. Nc3 d5 3. e5 Ne4 4. Nce2 f6 5. d3 Ng5 6. f4 Nf7 7. d4 c5 8. c3 Nc6
9. Be3 cxd4 10. cxd4 Nh6 11. Nc3 Bg4 12. Qd2 e6 13. h3 Bh5 14. g4 Bg6 15. Nf3
Be4 16. Be2 f5 17. g5 Ng8 18. Kf2 Bb4 19. a3 Bxc3 20. Qxc3 Rc8 21. Rac1 Nge7
22. Qd2 O-O 1/2-1/2

[Event "15. OIBM Bad Wiessee"]
[Site "Bad Wiessee"]
[Date "2011.11.04"]
[Round "8.42"]
[White "Beukema, Stefan"]
[Black "Tillmann, Markus"]
[Result "1/2-1/2"]
[WhiteElo "2259"]
[BlackElo "2201"]
[PlyCount "108"]
[EventDate "2011.??.??"]
[BlackTeam "SV Sundern 1973"]

1. e4 c5 2. Nf3 d6 3. d4 cxd4 4. Nxd4 Nf6 5. Nc3 a6 6. Be3 e6 7. f4 b5 8. Qf3
Bb7 9. Bd3 Nbd7 10. g4 b4 11. Nd1 Nc5 12. Nf2 d5 13. e5 Nfe4 14. O-O-O Qa5 15.
Kb1 Rb8 16. f5 Nc3+ 17. bxc3 Na4 18. fxe6 Nxc3+ 19. Kc1 fxe6 20. Kd2 b3 21.
Nxb3 d4 22. Qxf8+ Rxf8 23. Nxa5 Bxh1 24. Rxh1 dxe3+ 25. Kxc3 exf2 26. Rf1 Rf4
27. Nc4 Rc8 28. Kb3 Rc5 29. Nd6+ Ke7 30. Rxf2 Rxf2 31. Ne4 Rcxc2 32. Bxc2 Rxh2
33. a4 a5 34. Bd3 h5 35. gxh5 Rxh5 36. Kc3 Rxe5 37. Kd4 Rd5+ 38. Ke3 Rh5 39.
Bb5 e5 40. Nc5 Kd6 41. Nb7+ Kd5 42. Nxa5 Rh3+ 43. Ke2 Rc3 44. Kd2 Rc7 45. Nb3
g5 46. a5 g4 47. a6 g3 48. Bf1 e4 49. Nc1 Ke5 50. Ne2 Rg7 51. Bg2 Rd7+ 52. Ke1
Rd3 53. a7 Ra3 54. Nxg3 Rxa7 1/2-1/2

[Event "15. OIBM Bad Wiessee"]
[Site "Bad Wiessee"]
[Date "2011.11.04"]
[Round "8.44"]
[White "Gschwendtner, Klaus"]
[Black "Cordts, Ingo"]
[Result "1-0"]
[WhiteElo "2112"]
[BlackElo "2306"]
[PlyCount "81"]
[EventDate "2011.??.??"]
[WhiteTeam "SF Starnberger See e.V."]
[BlackTeam "Ford-SF Köln e.V."]

1. e4 c5 2. Nf3 Nc6 3. Bb5 Na5 4. O-O a6 5. Be2 e6 6. c3 Nf6 7. e5 Nd5 8. d4
cxd4 9. c4 Ne7 10. Qxd4 Ng6 11. b3 Nc6 12. Qe3 f6 13. Bb2 Be7 14. exf6 Bxf6 15.
Bxf6 Qxf6 16. Nbd2 Nb4 17. Rad1 Qf4 18. Qc5 Qf8 19. Qb6 Nxa2 20. Ne4 Qb4 21.
Nd6+ Ke7 22. Qd4 Rg8 23. Ng5 Kd8 24. Nxc8 Kxc8 25. Qxd7+ Kb8 26. Nxe6 Nc3 27.
Rde1 Ne4 28. Bf3 Nf6 29. Qd4 Re8 30. Re3 Rc8 31. Nxg7 Ng8 32. h4 Qc5 33. Qe4
Qb6 34. Ne6 Nf6 35. Qf5 Nd7 36. h5 Nh8 37. Qxh7 Nf6 38. Qf5 Nd7 39. Rd1 Nc5 40.
Nxc5 Rxc5 41. Re8+ 1-0

[Event "15. OIBM Bad Wiessee"]
[Site "Bad Wiessee"]
[Date "2011.11.04"]
[Round "8.30"]
[White "Zenker, Ulrich"]
[Black "Müller, Ralf"]
[Result "1/2-1/2"]
[WhiteElo "2202"]
[BlackElo "2411"]
[PlyCount "61"]
[EventDate "2011.??.??"]

1. e4 c5 2. Nf3 e6 3. c3 Nf6 4. e5 Nd5 5. g3 d6 6. exd6 Bxd6 7. Bg2 Bd7 8. O-O
O-O 9. d4 cxd4 10. Nxd4 Nc6 11. c4 Nb6 12. Nxc6 Bxc6 13. Bxc6 bxc6 14. Qe2 Qf6
15. Nd2 Be7 16. Rb1 Na4 17. Ne4 Qf5 18. Bf4 Rfd8 19. b3 Rd4 20. f3 Nc5 21. Be3
Rd7 22. Qf2 Nd3 23. Qe2 h5 24. Kg2 Rad8 25. Rbd1 Bb4 26. h4 Nc5 27. Bxc5 Bxc5
28. Rxd7 Rxd7 29. Rd1 Bd4 30. b4 e5 31. a4 1/2-1/2

[Event "15. OIBM Bad Wiessee"]
[Site "Bad Wiessee"]
[Date "2011.11.04"]
[Round "8.34"]
[White "Smirnov, Artem"]
[Black "Schrems, Hermann"]
[Result "1-0"]
[WhiteElo "2444"]
[BlackElo "2189"]
[PlyCount "73"]
[EventDate "2011.??.??"]

1. e4 Nf6 2. e5 Nd5 3. d4 d6 4. c4 Nb6 5. exd6 exd6 6. Nc3 Nc6 7. Be3 Be7 8.
Qf3 Be6 9. b3 Bf6 10. O-O-O d5 11. c5 Nc8 12. Bb5 N8e7 13. g4 h6 14. Nge2 Qd7
15. Rhg1 a6 16. Bd3 O-O-O 17. Qg3 g5 18. Bc2 Kb8 19. f4 gxf4 20. Nxf4 Rdg8 21.
Nh5 Bg5 22. Bxg5 Rxg5 23. h4 Rxh5 24. gxh5 Nf5 25. Bxf5 Bxf5 26. Qf3 Be6 27.
Qf6 Re8 28. Qxh6 Bg4 29. Rd2 f5 30. Qg5 Qe6 31. h6 Rh8 32. Qf4 Qxh6 33. Qxh6
Rxh6 34. Nxd5 Rxh4 35. Re1 Kc8 36. Re8+ Kd7 37. Nf6# 1-0

[Event "15. OIBM Bad Wiessee"]
[Site "Bad Wiessee"]
[Date "2011.11.04"]
[Round "8.39"]
[White "Engelbert, Christoph"]
[Black "Pirrot, Dieter"]
[Result "1/2-1/2"]
[WhiteElo "2156"]
[BlackElo "2385"]
[PlyCount "71"]
[EventDate "2011.??.??"]

1. e4 e6 2. d4 d5 3. exd5 exd5 4. Nf3 Bg4 5. h3 Bh5 6. Bd3 Nc6 7. c3 Bd6 8. O-O
Nge7 9. Bg5 f6 10. Bh4 g5 11. Bg3 Bf4 12. Nbd2 Bxd2 13. Qxd2 Bxf3 14. gxf3 Qd7
15. f4 h6 16. Kh2 O-O-O 17. Rae1 Nf5 18. Bb5 Nd6 19. Bd3 f5 20. Qe2 Ne4 21.
Bxe4 dxe4 22. Qh5 Ne7 23. f3 e3 24. Rg1 Nd5 25. c4 Nxf4 26. Bxf4 gxf4 27. d5 b6
28. Rg6 Qf7 29. Reg1 Rd6 30. R6g5 Qf6 31. Rxf5 Qxb2+ 32. Rg2 Qd4 33. Qg4 Kb8
34. Rxf4 Qd3 35. Re4 Qf1 36. Re5 1/2-1/2

[Event "15. OIBM Bad Wiessee"]
[Site "Bad Wiessee"]
[Date "2011.11.04"]
[Round "8.40"]
[White "Rosen, Bernd"]
[Black "Pienabarca, Nicola"]
[Result "1/2-1/2"]
[WhiteElo "2361"]
[BlackElo "2106"]
[PlyCount "25"]
[EventDate "2011.??.??"]

1. c4 e5 2. a3 Nf6 3. Nc3 d5 4. cxd5 Nxd5 5. Nf3 Nc6 6. e4 Nf4 7. d4 exd4 8.
Bxf4 dxc3 9. Qxd8+ Nxd8 10. bxc3 Ne6 11. Be3 Be7 12. Bc4 O-O 13. Ke2 1/2-1/2

[Event "15. OIBM Bad Wiessee"]
[Site "Bad Wiessee"]
[Date "2011.11.04"]
[Round "8.43"]
[White "Heidel, Andre Nicolas"]
[Black "Carlstedt, Jonathan"]
[Result "0-1"]
[WhiteElo "2155"]
[BlackElo "2326"]
[PlyCount "54"]
[EventDate "2011.??.??"]

1. d4 d5 2. c4 e6 3. Nf3 c5 4. cxd5 exd5 5. g3 Nf6 6. Bg2 Be7 7. O-O O-O 8.
dxc5 Bxc5 9. Bg5 Nc6 10. Nc3 d4 11. Bxf6 Qxf6 12. Nd5 Qf5 13. Nh4 Qe5 14. Rc1
Bd6 15. e3 dxe3 16. Nxe3 Be7 17. Nc4 Qb5 18. Nf3 Be6 19. b3 Rad8 20. Qe2 Rfe8
21. Rfd1 Bd5 22. Qf1 Qa6 23. Rc2 Bxf3 24. Bxf3 Nd4 25. Rc3 Bb4 26. Rcd3 Nxf3+
27. Kg2 Rxd3 0-1

[Event "15. OIBM Bad Wiessee"]
[Site "Bad Wiessee"]
[Date "2011.11.04"]
[Round "8.45"]
[White "Giemsa, Stephan"]
[Black "Obermeier, Herbert"]
[Result "1-0"]
[WhiteElo "2283"]
[BlackElo "2002"]
[PlyCount "53"]
[EventDate "2011.??.??"]

1. d4 g6 2. c4 Bg7 3. Nc3 c5 4. d5 Bxc3+ 5. bxc3 f5 6. e4 fxe4 7. h4 Nf6 8. h5
Rg8 9. hxg6 hxg6 10. d6 exd6 11. Bf4 d5 12. cxd5 d6 13. Qa4+ Bd7 14. Qb3 Qa5
15. Bxd6 Ba4 16. Qa3 Nbd7 17. Rb1 Nxd5 18. Rb5 Qxc3+ 19. Qxc3 Nxc3 20. Rxb7 Bc6
21. Rc7 Bd5 22. Rh7 Nf6 23. Rhe7+ Kd8 24. Be5 e3 25. f3 Rb8 26. Bd3 Rf8 27.
Bxc3 1-0

[Event "15. OIBM Bad Wiessee"]
[Site "Bad Wiessee"]
[Date "2011.11.04"]
[Round "8.46"]
[White "Ramme, Christoph"]
[Black "van den Bersselaar, Jeroen"]
[Result "1-0"]
[WhiteElo "2094"]
[BlackElo "2211"]
[PlyCount "117"]
[EventDate "2011.??.??"]

1. d4 d5 2. c4 c6 3. Nf3 Nf6 4. Nc3 e6 5. Bg5 h6 6. Bh4 dxc4 7. e4 g5 8. Bg3 b5
9. Be2 Bb7 10. h4 g4 11. Ne5 h5 12. O-O Nbd7 13. Qc2 Nxe5 14. Bxe5 Rh6 15. Rad1
Nd7 16. Bg3 Be7 17. d5 Bxh4 {Diagramm #} 18. dxe6 Rxe6 19. Rxd7 $1 Qxd7 (19...
Kxd7 20. Rd1+ $18) 20. Bxh4 Qc7 21. b3 Qe5 22. bxc4 b4 23. Nd1 f5 24. exf5 Qxe2
25. Qa4 Rd6 26. Ne3 a5 27. c5 Rd3 28. Nc4 Kf8 29. Nd6 Ra3 30. Qd1 Qxd1 31. Rxd1
Ba6 32. Re1 Rxa2 33. Re7 Rd2 34. Rf7+ Kg8 35. Bf6 Rxd6 36. Rg7+ Kf8 37. cxd6 b3
38. Rh7 Bc4 {Diagramm #} 39. Rc7 $1 Bd3 40. d7 Bxf5 41. Ra7 $1 Rb8 42. Rb7 $1
Rxb7 (42... Ra8 43. d8=Q+ Rxd8 44. Bxd8 a4 45. Bf6) 43. d8=Q+ Kf7 44. Bb2 Rb5
45. Qf6+ Ke8 46. Qxc6+ Bd7 47. Qd6 Kd8 48. Bf6+ Kc8 49. Be5 Rxe5 50. Qxe5 a4
51. Qxh5 Kb7 52. Qc5 Ka6 53. Qd6+ Ka5 54. Qxd7 Kb4 55. Qd4+ Ka3 56. Qa1+ Kb4
57. Kf1 a3 58. Qd4+ Kb5 59. Qc3 1-0

[Event "15. OIBM Bad Wiessee"]
[Site "Bad Wiessee"]
[Date "2011.11.03"]
[Round "7.1"]
[White "Ernst, Sipke"]
[Black "Markowski, Tomasz"]
[Result "1/2-1/2"]
[WhiteElo "2581"]
[BlackElo "2607"]
[PlyCount "30"]
[EventDate "2011.??.??"]
[WhiteTeam "SG Solingen e.V."]
[BlackTeam "SK König Plauen"]

1. d4 d6 2. Nf3 Nf6 3. c4 g6 4. Nc3 Bg7 5. e4 O-O 6. Be2 e5 7. O-O Nc6 8. dxe5
dxe5 9. Bg5 Qxd1 10. Rfxd1 Bg4 11. h3 Bxf3 12. Bxf3 Nd4 13. Nd5 Nxd5 14. cxd5
f5 15. Rac1 Rf7 1/2-1/2

[Event "15. OIBM Bad Wiessee"]
[Site "Bad Wiessee"]
[Date "2011.11.03"]
[Round "7.2"]
[White "Graf, Alexander"]
[Black "Adhiban, B."]
[Result "1/2-1/2"]
[WhiteElo "2628"]
[BlackElo "2551"]
[PlyCount "154"]
[EventDate "2011.??.??"]
[WhiteTeam "SK König Plauen"]

1. d4 d5 2. c4 e6 3. Nf3 Nf6 4. g3 Bb4+ 5. Bd2 Be7 6. Bg2 O-O 7. O-O Nbd7 8.
cxd5 exd5 9. b4 c6 10. Qb3 Ne4 11. Nc3 Nxd2 12. Nxd2 Qb6 13. Rab1 Qxd4 14. Rfd1
Nb6 15. b5 Be6 16. a4 Qc5 17. Qb2 Bf6 18. Rdc1 Qe7 19. bxc6 bxc6 20. Qc2 Rfc8
21. a5 Nd7 22. Na4 g6 23. Rb7 Qd8 24. Nb3 c5 25. Qd2 c4 26. Nd4 Bxd4 27. Qxd4
Qxa5 28. Nc3 Nc5 29. Rb5 Nb3 30. Qe5 Qc7 31. Qxc7 Rxc7 32. Rd1 Rd8 33. Bxd5
Bxd5 34. Rdxd5 Rxd5 35. Rxd5 Kf8 36. Rd6 Ke7 37. Ra6 Kd7 38. Kf1 Kc8 39. g4 Kb7
40. Rf6 a5 41. h4 a4 42. Nxa4 c3 43. Nxc3 Rxc3 44. Rxf7+ Rc7 45. Rf6 Kc8 46. g5
Nc5 47. Kg2 Kd8 48. e3 Ke7 49. f4 Ne4 50. Ra6 Nd6 51. Kf3 Nf5 52. h5 gxh5 53.
Ra5 Nd6 54. f5 h4 55. Kg4 Rc4+ 56. Kh3 Nf7 57. Ra7+ Kf8 58. Ra8+ Kg7 59. Ra7
Re4 60. Rb7 Ra4 61. Rc7 Kf8 62. Rc8+ Ke7 63. Rc7+ Ke8 64. Rc8+ Kd7 65. Rg8 Ke7
66. Rg7 Kf8 67. f6 Re4 68. Kg2 Rb4 69. Kh3 h6 70. gxh6 Nxh6 71. Rg5 Kf7 72. Rh5
Kg6 73. Rxh4 Rb3 74. Rf4 Rxe3+ 75. Kg2 Re5 76. Kf3 Nf5 77. Ra4 Kxf6 {Remis
nach 50 weiteren Zügen} 1/2-1/2

[Event "15. OIBM Bad Wiessee"]
[Site "Bad Wiessee"]
[Date "2011.11.03"]
[Round "7.3"]
[White "Jakubiec, Artur"]
[Black "Zhigalko, Sergei"]
[Result "0-1"]
[WhiteElo "2528"]
[BlackElo "2696"]
[PlyCount "60"]
[EventDate "2011.??.??"]

1. e4 c5 2. Nf3 d6 3. d4 cxd4 4. Nxd4 Nf6 5. Nc3 a6 6. Be3 e6 7. f4 Be7 8. Qf3
Nc6 9. O-O-O Qc7 10. Be2 O-O 11. g4 Nxd4 12. Bxd4 b5 13. e5 Bb7 14. Qh3 (14.
exf6 $5 Bxf3 15. fxe7 Bxh1 16. exf8=Q+ Rxf8 17. Rxh1) 14... Nd7 15. Bd3 g6 16.
Rhe1 dxe5 17. fxe5 b4 18. Ne4 Nxe5 19. Qh6 Rfd8 20. g5 Bxe4 21. Rxe4 {Diagramm
#} (21. Bxe4 Rxd4 22. Rxd4 Qc5) 21... Rxd4 $1 22. Rxd4 Qc5 (22... Nf3 23. Rg4
Bxg5+ 24. Rxg5 Qf4+ 25. Kb1 Qxg5 $19) 23. Be4 Nc6 24. Bxc6 Bxg5+ 25. Kb1 Bxh6
26. Bxa8 Bg5 27. R4d3 Bf6 28. h3 a5 29. a3 Qe5 30. Rb3 bxa3 0-1

[Event "15. OIBM Bad Wiessee"]
[Site "Bad Wiessee"]
[Date "2011.11.03"]
[Round "7.4"]
[White "Krivoborodov, Egor"]
[Black "Nisipeanu, Liviu-Dieter"]
[Result "0-1"]
[WhiteElo "2505"]
[BlackElo "2638"]
[PlyCount "124"]
[EventDate "2011.??.??"]

1. e4 e5 2. Nf3 Nc6 3. Bb5 f5 4. d3 fxe4 5. dxe4 Nf6 6. O-O d6 7. Qd3 Be7 8.
Qc4 a6 9. Ng5 (9. Bxc6+ bxc6 10. Nc3 $14 (10. Qxc6+ $2 Bd7 11. Qc3 (11. Qc4 Bb5
) 11... Nxe4 $15)) 9... Rf8 (9... axb5 10. Qf7+ Kd7 11. Qe6+ Ke8 12. Qf7+ $11)
10. Bxc6+ bxc6 11. Qxc6+ (11. f4 $5) 11... Bd7 12. Qc4 Bb5 13. Qc3 (13. Qb3
Bxf1 14. Ne6 Qb8 15. Nxg7+ Kd7 16. Qe6+ Kd8 17. Nf5 $1 Ng8 18. Kxf1) 13... Bxf1
14. Ne6 Qd7 15. Nxc7+ Kf7 16. Kxf1 Rab8 17. b4 Rfc8 18. Qb3+ d5 19. Nxd5 Nxd5
20. a3 Qb5+ 21. Kg1 (21. Ke1 Bxb4+ 22. axb4 Qxb4+) 21... Qc4 22. Qxc4 Rxc4 23.
exd5 Rxc2 24. Be3 Rbc8 (24... Bc5 $3 25. bxc5 (25. Bxc5 Rc1#) 25... Ra2 $19)
25. Kf1 Rc1+ 26. Bxc1 Rxc1+ 27. Ke2 e4 28. Ke3 Bf6 29. Ra2 Rxb1 30. Kxe4 Rd1
31. Rc2 Rd4+ 32. Ke3 Rxd5 33. Rc7+ Ke6 34. f4 a5 35. g4 axb4 36. axb4 Rb5 37.
f5+ Kd6 38. Rc4 Kd5 39. Re4 h6 40. Kd3 Rb6 41. Rc4 Ra6 42. Rc5+ Kd6 43. Ra5 Rc6
44. Ra3 Rc1 45. Ra6+ Kd5 46. Ra5+ Kc6 47. Ke4 Rc4+ 48. Kf3 Rxb4 49. Ra7 Rb3+
50. Kf4 Rh3 51. Ra2 Kd5 52. Ra5+ Kc4 53. Ra2 Kd3 54. Ra3+ Bc3 55. Ra2 Bd2+ 56.
Ke5 Rxh2 57. Ke6 Re2+ 58. Kf7 Bc3 59. Ra6 Rg2 60. Rg6 Bf6 61. Rxg7 Bxg7 62.
Kxg7 h5 0-1

[Event "15. OIBM Bad Wiessee"]
[Site "Bad Wiessee"]
[Date "2011.11.03"]
[Round "7.6"]
[White "Volkov, Sergey"]
[Black "Kunin, Vitaly"]
[Result "1-0"]
[WhiteElo "2614"]
[BlackElo "2549"]
[PlyCount "89"]
[EventDate "2011.??.??"]
[BlackTeam "Freibauer Mörlenbach-Birkenau"]

1. d4 d5 2. c4 dxc4 3. e4 e5 4. Nf3 exd4 5. Bxc4 Nc6 6. O-O Be6 7. Bb5 Bc5 8.
b4 Bb6 9. a4 a6 10. Bxc6+ bxc6 11. Bb2 Nf6 12. a5 Ba7 13. Bxd4 Nxe4 14. Bxa7
Qxd1 15. Rxd1 Rxa7 16. Nd4 c5 17. Nc6 Ra8 18. f3 Nf6 19. bxc5 Nd7 20. Rc1 f6
21. Nd2 Kf7 22. Rc3 Nb8 23. Nb4 Rd8 24. Ne4 Rd4 25. Rb1 Nd7 26. Nc6 Ra4 27. Rb7
Ra1+ 28. Kf2 Ra2+ 29. Kg3 h5 30. h4 g5 31. Rxc7 gxh4+ 32. Kf4 Rxg2 33. Nd4 h3
34. Rc1 h2 35. Rh1 Ke7 36. c6 f5 37. cxd7 fxe4 {Diagramm #} 38. d8=Q+ $1 Kxd8
39. Nxe6+ Ke8 40. Kf5 Rf2 41. f4 Rd2 42. Rxh2 Rd7 43. Rxh5 Rd5+ 44. Kf6 Rxh5
45. Re7# 1-0

[Event "15. OIBM Bad Wiessee"]
[Site "Bad Wiessee"]
[Date "2011.11.03"]
[Round "7.7"]
[White "Meins, Gerlef"]
[Black "Baklan, Vladimir"]
[Result "1/2-1/2"]
[WhiteElo "2490"]
[BlackElo "2617"]
[PlyCount "32"]
[EventDate "2011.??.??"]
[WhiteTeam "SAbt SV Werder Bremen"]
[BlackTeam "SG Porz e.V."]

1. d4 Nf6 2. c4 g6 3. Nc3 Bg7 4. e4 d6 5. Be2 O-O 6. Nf3 e5 7. O-O exd4 8. Nxd4
Re8 9. f3 c6 10. Be3 d5 11. cxd5 Nxd5 12. Nxd5 cxd5 13. Qb3 Nc6 14. Rad1 Nxd4
15. Bxd4 Bxd4+ 16. Rxd4 Qf6 1/2-1/2